| 000 | 00630nam a2200205 i 4500 | ||
|---|---|---|---|
| 001 | 16669 | ||
| 003 | ES-MaACL | ||
| 005 | 20250702063035.0 | ||
| 007 | t| | ||
| 008 | 001023s1995 sp ||||1| spa d | ||
| 020 | _a84-81910-40-6 | ||
| 080 | _a821.134.2-94"19" | ||
| 100 | 1 |
_aGil-Albert, Juan, _d1904-1994 _956757 |
|
| 245 | 1 | 0 |
_aCrónica general / _cJuan Gil-Albert. |
| 260 |
_aValencia : _bPre-Textos : _bInstituto de Cultura Juan Gil-Albert, _c[1995] |
||
| 300 |
_a352 p. ; _c22 cm. |
||
| 710 | 2 |
_aInstituto de Cultura "Juan Gil-Albert" _94857 |
|
| 852 |
_aES-MaACL _jL-23666 _bR.128831 |
||
| 999 |
_c16669 _d16669 |
||